00972nac a22002531u 4500010001600000020001500016082001500031090001500046100003400061245011600095250001200211260005800223300006400281500005000345500002600395504006200421511002500483650002400508650002800532700002300560942001700583999001500600952010300615 a 97035050 a002328722500a330.9bSOU c7680d7680 aDe Souza, Anthony R. 14aThe world economy :bresources, location, trade, and development /c Anthony R. de Souza and Frederick P. Stutz a2nd ed. aUpper Saddle River, N.J. :bPrentice Hall,1994cc1994 axii, 708 p. :bill. (some col.), maps (some col.) ;c29 cm. aColored map of the world on front end papers. adistributer: Al-Ahram aIncludes bibliographical references p. 688-689 and index. acatalogue by: wessam 0aEconomic geography. 0aEconomic historyy1945-1 aStutz Frederick P. cBBk330.9SOU c7680d7680 00104070aMAINbMAINc1STd2008-02-04ePurchasel0o330.9SOUp000009212r2025-07-15 00:00:00yBB